[Event "DEM U10 2023"]
[Site "Willingen GER"]
[Date "2023.05.28"]
[Round "2"]
[White "Bergmann, Rafael Antonio"]
[Black "Hildebrand, Azat"]
[Result "0-1"]
[Termination "normal"]
[Board "18"]
[WhiteElo "1669"]
[BlackElo "1502"]
[WhiteClock "00:45:46"]
[BlackClock "00:08:16"]
[PlyCount "138"]
[WhiteFideId "34635076"]
[BlackFideId "34607536"]
[EventCountry "GER"]
[EventRounds "11"]
[EventType "swiss"]
[EventDate "2023.05.27"]

1. e4 {[%clk 01:15:56]} {[%emt 00:00:02]} c6 {[%clk 01:15:43]} {[%emt
00:00:19]} 2. Nc3 {[%clk 01:16:19]} {[%emt 00:00:07]} d5 {[%clk 01:15:50]}
{[%emt 00:00:23]} 3. Qf3 {[%clk 01:15:10]} {[%emt 00:01:38]} dxe4 {[%clk
01:12:30]} {[%emt 00:03:51]} 4. Nxe4 {[%clk 01:15:29]} {[%emt 00:00:10]} Nd7
{[%clk 01:12:06]} {[%emt 00:00:54]} 5. Bc4 {[%clk 01:15:14]} {[%emt 00:00:45]}
Ne5 {[%clk 01:11:02]} {[%emt 00:01:35]} 6. Qc3 {[%clk 01:13:12]} {[%emt
00:02:28]} Nxc4 {[%clk 01:10:46]} {[%emt 00:00:50]} 7. Qxc4 {[%clk 01:12:35]}
{[%emt 00:01:07]} Bf5 {[%clk 01:08:47]} {[%emt 00:02:28]} 8. Nf3 {[%clk
01:11:41]} {[%emt 00:01:23]} Qd5 {[%clk 01:07:05]} {[%emt 00:02:13]} 9. Qxd5
{[%clk 01:10:32]} {[%emt 00:01:39]} cxd5 {[%clk 01:07:27]} {[%emt 00:00:08]}
10. Nc3 {[%clk 01:09:58]} {[%emt 00:01:03]} e6 {[%clk 01:05:15]} {[%emt
00:02:42]} 11. Nb5 {[%clk 01:06:25]} {[%emt 00:04:02]} Kd8 {[%clk 01:00:23]}
{[%emt 00:05:21]} 12. d3 {[%clk 01:04:27]} {[%emt 00:02:28]} Bb4+ {[%clk
00:57:20]} {[%emt 00:03:35]} 13. c3 {[%clk 01:04:20]} {[%emt 00:00:37]} Bxd3
{[%clk 00:57:19]} {[%emt 00:00:31]} 14. Ne5 {[%clk 01:04:16]} {[%emt 00:00:34]}
Bxb5 {[%clk 00:55:25]} {[%emt 00:02:24]} 15. Nxf7+ {[%clk 01:03:35]} {[%emt
00:01:11]} Ke7 {[%clk 00:54:53]} {[%emt 00:01:03]} 16. Nxh8 {[%clk 01:03:44]}
{[%emt 00:00:20]} Bc5 {[%clk 00:53:59]} {[%emt 00:01:26]} 17. a4 {[%clk
01:03:31]} {[%emt 00:00:44]} Bc6 {[%clk 00:52:33]} {[%emt 00:01:55]} 18. b4
{[%emt 00:00:52]} Bd6 {[%clk 00:52:46]} {[%emt 00:00:16]} 19. Ng6+ {[%clk
01:03:17]} {[%emt 00:00:22]} hxg6 {[%clk 00:52:59]} {[%emt 00:00:17]} 20. b5
{[%clk 01:03:28]} {[%emt 00:00:19]} Bd7 {[%clk 00:52:37]} {[%emt 00:00:52]} 21.
Bb2 {[%clk 01:03:03]} {[%emt 00:00:55]} Be5 {[%clk 00:51:04]} {[%emt 00:02:03]}
22. O-O {[%clk 01:03:13]} {[%emt 00:00:19]} Nf6 {[%clk 00:50:22]} {[%emt
00:01:13]} 23. Rfe1 {[%clk 01:03:18]} {[%emt 00:00:24]} Ne4 {[%clk 00:48:57]}
{[%emt 00:01:57]} 24. Rac1 {[%clk 01:01:23]} {[%emt 00:02:24]} Rc8 {[%clk
00:47:52]} {[%emt 00:01:37]} 25. Ba3+ {[%clk 01:00:21]} {[%emt 00:01:32]} Kf6
{[%clk 00:44:05]} {[%emt 00:04:17]} 26. c4 {[%clk 01:00:29]} {[%emt 00:00:23]}
Nc3 {[%clk 00:31:55]} {[%emt 00:12:40]} 27. Rxe5 {[%clk 00:58:17]} {[%emt
00:02:42]} Kxe5 {[%clk 00:32:10]} {[%emt 00:00:15]} 28. Rxc3 {[%clk 00:58:25]}
{[%emt 00:00:23]} Rxc4 {[%clk 00:32:22]} {[%emt 00:00:18]} 29. Rxc4 {[%clk
00:58:42]} {[%emt 00:00:13]} dxc4 {[%clk 00:32:45]} {[%emt 00:00:07]} 30. Bb2+
{[%clk 00:58:33]} {[%emt 00:00:39]} Ke4 {[%clk 00:32:02]} {[%emt 00:01:13]} 31.
Bxg7 {[%clk 00:58:05]} {[%emt 00:00:57]} Kd3 {[%clk 00:32:21]} {[%emt
00:00:11]} 32. Kf1 {[%clk 00:58:09]} {[%emt 00:00:26]} Kd2 {[%clk 00:31:32]}
{[%emt 00:01:19]} 33. Bh6+ {[%clk 00:58:14]} {[%emt 00:00:25]} Kc2 {[%clk
00:29:20]} {[%emt 00:02:43]} 34. Ke2 {[%clk 00:58:26]} {[%emt 00:00:17]} Kb3
{[%clk 00:27:46]} {[%emt 00:02:04]} 35. Kd2 {[%clk 00:57:09]} {[%emt 00:01:45]}
Kxa4 {[%clk 00:27:41]} {[%emt 00:00:37]} 36. b6 {[%clk 00:56:46]} {[%emt
00:00:53]} axb6 {[%clk 00:27:36]} {[%emt 00:00:35]} 37. Kc3 {[%clk 00:57:06]}
{[%emt 00:00:10]} b5 {[%clk 00:27:40]} {[%emt 00:00:26]} 38. Bf8 {[%clk
00:57:13]} {[%emt 00:00:22]} Ka5 {[%clk 00:25:47]} {[%emt 00:02:25]} 39. h4
{[%clk 00:57:13]} {[%emt 00:00:29]} Kb6 {[%clk 00:25:51]} {[%emt 00:00:26]} 40.
g4 {[%clk 00:56:57]} {[%emt 00:00:46]} Be8 {[%clk 00:24:58]} {[%emt 00:01:23]}
41. Kb4 {[%clk 00:54:47]} {[%emt 00:02:40]} Kc6 {[%clk 00:23:49]} {[%emt
00:01:40]} 42. f3 {[%clk 00:53:43]} {[%emt 00:01:33]} Kd5 {[%clk 00:22:42]}
{[%emt 00:01:37]} 43. Kc3 {[%clk 00:52:17]} {[%emt 00:01:56]} Ke5 {[%clk
00:19:58]} {[%emt 00:03:14]} 44. Bh6 {[%clk 00:52:21]} {[%emt 00:00:26]} Kf6
{[%clk 00:17:17]} {[%emt 00:03:11]} 45. Kb4 {[%clk 00:51:48]} {[%emt 00:01:01]}
e5 {[%clk 00:16:09]} {[%emt 00:01:40]} 46. Be3 {[%clk 00:51:20]} {[%emt
00:00:57]} Bc6 {[%clk 00:15:37]} {[%emt 00:01:03]} 47. Bd2 {[%clk 00:49:25]}
{[%emt 00:02:22]} Bxf3 {[%clk 00:13:21]} {[%emt 00:02:50]} 48. g5+ {[%clk
00:49:44]} {[%emt 00:00:10]} Kf5 {[%clk 00:13:08]} {[%emt 00:00:43]} 49. Kxb5
{[%clk 00:49:01]} {[%emt 00:01:13]} Be2 {[%clk 00:13:00]} {[%emt 00:00:38]} 50.
Kb6 {[%clk 00:49:07]} {[%emt 00:00:25]} e4 {[%clk 00:12:22]} {[%emt 00:01:08]}
51. Kxb7 {[%clk 00:48:42]} {[%emt 00:00:55]} Kg4 {[%clk 00:12:19]} {[%emt
00:00:33]} 52. Kc6 {[%clk 00:48:58]} {[%emt 00:00:14]} Kxh4 {[%clk 00:12:11]}
{[%emt 00:00:38]} 53. Kd5 {[%clk 00:49:09]} {[%emt 00:00:20]} Bd3 {[%clk
00:10:53]} {[%emt 00:01:47]} 54. Be3 {[%clk 00:49:13]} {[%emt 00:00:23]} Kg4
{[%clk 00:10:26]} {[%emt 00:01:01]} 55. Kd4 {[%clk 00:48:32]} {[%emt 00:01:09]}
Kf3 {[%clk 00:09:54]} {[%emt 00:01:04]} 56. Bd2 {[%clk 00:48:55]} {[%emt
00:00:08]} Ke2 {[%clk 00:09:59]} {[%emt 00:00:25]} 57. Be3 {[%clk 00:49:14]}
{[%emt 00:00:10]} c3 {[%clk 00:08:57]} {[%emt 00:01:33]} 58. Bc1 {[%clk
00:49:36]} {[%emt 00:00:07]} c2 {[%clk 00:09:23]} {[%emt 00:00:35]} 59. Kc3
{[%clk 00:50:20]} {[%emt 00:00:15]} e3 {[%clk 00:07:22]} {[%emt 00:02:32]} 60.
Kd4 {[%clk 00:45:19]} {[%emt 00:05:30]} Bf5 {[%clk 00:05:19]} {[%emt 00:02:32]}
61. Bxe3 {[%clk 00:45:08]} {[%emt 00:00:43]} Kd1 {[%clk 00:05:30]} {[%emt
00:00:19]} 62. Ke5 {[%clk 00:45:06]} {[%emt 00:00:31]} c1=Q {[%clk 00:05:38]}
{[%emt 00:00:23]} 63. Bxc1 {[%clk 00:45:28]} {[%emt 00:00:06]} Kxc1 {[%clk
00:05:57]} {[%emt 00:00:12]} 64. Kd4 {[%clk 00:45:54]} {[%emt 00:00:05]} Kd2
{[%clk 00:06:20]} {[%emt 00:00:07]} 65. Ke5 {[%clk 00:46:18]} {[%emt 00:00:06]}
Ke3 {[%clk 00:06:42]} {[%emt 00:00:08]} 66. Kf6 {[%clk 00:45:05]} {[%emt
00:01:42]} Kf4 {[%clk 00:07:06]} {[%emt 00:00:08]} 67. Kg7 {[%clk 00:45:22]}
{[%emt 00:00:13]} Kxg5 {[%clk 00:07:28]} {[%emt 00:00:07]} 68. Kg8 {[%clk
00:45:26]} {[%emt 00:00:25]} Kf4 {[%clk 00:07:52]} {[%emt 00:00:07]} 69. Kh7
{[%clk 00:45:46]} {[%emt 00:00:10]} g5+ {[%clk 00:08:16]} {[%emt 00:00:06]} 0-1

[Event "DEM U10 2023"]
[Site "Willingen GER"]
[Date "2023.05.28"]
[Round "2"]
[White "Obermair, Hannes"]
[Black "Hagn, Tobias"]
[Result "1-0"]
[Termination "normal"]
[Board "19"]
[WhiteElo "1320"]
[BlackElo "1609"]
[WhiteClock "00:37:25"]
[BlackClock "00:10:00"]
[PlyCount "155"]
[WhiteFideId "34640509"]
[BlackFideId "34623728"]
[EventCountry "GER"]
[EventRounds "11"]
[EventType "swiss"]
[EventDate "2023.05.27"]

1. c4 {[%clk 01:15:55]} {[%emt 00:00:04]} c6 {[%clk 01:15:50]} {[%emt
00:00:10]} 2. d4 {[%clk 01:14:38]} {[%emt 00:01:47]} d5 {[%clk 01:15:45]}
{[%emt 00:00:35]} 3. cxd5 {[%clk 01:14:59]} {[%emt 00:00:09]} cxd5 {[%clk
01:15:58]} {[%emt 00:00:16]} 4. Nc3 {[%clk 01:14:41]} {[%emt 00:00:48]} Nf6
{[%clk 01:15:18]} {[%emt 00:01:12]} 5. Bf4 {[%clk 01:14:54]} {[%emt 00:00:16]}
Nc6 {[%clk 01:15:10]} {[%emt 00:00:39]} 6. Nf3 {[%clk 01:14:49]} {[%emt
00:00:30]} e6 {[%clk 01:11:46]} {[%emt 00:03:58]} 7. e3 {[%clk 01:12:09]}
{[%emt 00:03:10]} a6 {[%clk 01:09:22]} {[%emt 00:02:55]} 8. Bd3 {[%clk
01:10:51]} {[%emt 00:01:45]} Bb4 {[%clk 01:07:59]} {[%emt 00:01:55]} 9. Qc2
{[%clk 01:09:25]} {[%emt 00:01:56]} Na5 {[%clk 00:55:16]} {[%emt 00:13:08]} 10.
O-O {[%clk 01:03:51]} {[%emt 00:06:09]} Bd7 {[%clk 00:53:21]} {[%emt 00:02:24]}
11. Rac1 {[%clk 01:00:54]} {[%emt 00:03:13]} Rc8 {[%clk 00:47:31]} {[%emt
00:06:36]} 12. Ne5 {[%clk 00:57:19]} {[%emt 00:03:59]} O-O {[%clk 00:42:12]}
{[%emt 00:05:54]} 13. Bg5 {[%clk 00:54:26]} {[%emt 00:03:24]} Re8 {[%clk
00:32:18]} {[%emt 00:10:24]} 14. Bxf6 {[%clk 00:54:06]} {[%emt 00:00:42]} gxf6
{[%clk 00:31:48]} {[%emt 00:01:07]} 15. Bxh7+ {[%clk 00:53:53]} {[%emt
00:00:42]} Kf8 {[%clk 00:32:08]} {[%emt 00:00:10]} 16. Nxd7+ {[%clk 00:47:26]}
{[%emt 00:06:57]} Qxd7 {[%clk 00:32:06]} {[%emt 00:00:32]} 17. Bd3 {[%clk
00:45:44]} {[%emt 00:02:10]} Ke7 {[%clk 00:29:37]} {[%emt 00:03:01]} 18. f4
{[%clk 00:44:41]} {[%emt 00:01:34]} Nc4 {[%clk 00:21:04]} {[%emt 00:09:04]} 19.
Qf2 {[%clk 00:42:59]} {[%emt 00:02:05]} Rh8 {[%clk 00:16:15]} {[%emt 00:05:25]}
20. f5 {[%clk 00:42:42]} {[%emt 00:00:42]} Qd6 {[%clk 00:15:37]} {[%emt
00:01:14]} 21. g3 {[%clk 00:41:16]} {[%emt 00:01:53]} e5 {[%clk 00:15:40]}
{[%emt 00:00:29]} 22. Bxc4 {[%clk 00:40:03]} {[%emt 00:01:43]} Rxc4 {[%clk
00:14:20]} {[%emt 00:01:50]} 23. Qf3 {[%clk 00:39:02]} {[%emt 00:01:24]} Bxc3
{[%clk 00:13:25]} {[%emt 00:01:31]} 24. Rxc3 {[%clk 00:38:40]} {[%emt
00:00:51]} Rhc8 {[%clk 00:13:11]} {[%emt 00:00:46]} 25. dxe5 {[%clk 00:36:21]}
{[%emt 00:02:49]} fxe5 {[%clk 00:12:40]} {[%emt 00:01:01]} 26. f6+ {[%clk
00:36:16]} {[%emt 00:00:33]} Kd7 {[%clk 00:12:48]} {[%emt 00:00:23]} 27. Rd1
{[%clk 00:35:51]} {[%emt 00:00:47]} R4c5 {[%clk 00:11:08]} {[%emt 00:02:19]}
28. Rcd3 {[%clk 00:35:13]} {[%emt 00:01:06]} Kc6 {[%clk 00:09:23]} {[%emt
00:02:18]} 29. b4 {[%clk 00:34:04]} {[%emt 00:01:38]} Qe6 {[%clk 00:06:32]}
{[%emt 00:03:22]} 30. bxc5 {[%clk 00:33:45]} {[%emt 00:00:48]} e4 {[%clk
00:06:54]} {[%emt 00:00:09]} 31. Rxd5 {[%clk 00:33:00]} {[%emt 00:01:11]} exf3
{[%clk 00:05:02]} {[%emt 00:02:25]} 32. Rd6+ {[%clk 00:33:12]} {[%emt
00:00:18]} Qxd6 {[%clk 00:05:15]} {[%emt 00:00:17]} 33. cxd6 {[%clk 00:33:03]}
{[%emt 00:00:39]} Kd7 {[%clk 00:05:04]} {[%emt 00:00:42]} 34. Rd2 {[%clk
00:33:13]} {[%emt 00:00:20]} Rh8 {[%clk 00:05:10]} {[%emt 00:00:25]} 35. h4
{[%clk 00:32:32]} {[%emt 00:01:09]} Rh6 {[%clk 00:05:02]} {[%emt 00:00:39]} 36.
Kf2 {[%clk 00:32:28]} {[%emt 00:00:34]} Rxf6 {[%clk 00:04:58]} {[%emt
00:00:34]} 37. g4 {[%clk 00:32:48]} {[%emt 00:00:10]} Rh6 {[%clk 00:04:14]}
{[%emt 00:01:15]} 38. h5 {[%clk 00:32:25]} {[%emt 00:00:49]} Rf6 {[%clk
00:04:08]} {[%emt 00:00:39]} 39. Rd1 {[%clk 00:32:33]} {[%emt 00:00:20]} b5
{[%clk 00:04:01]} {[%emt 00:00:39]} 40. Rh1 {[%clk 00:31:49]} {[%emt 00:01:11]}
Rh6 {[%clk 00:03:54]} {[%emt 00:00:38]} 41. Kxf3 {[%clk 00:31:34]} {[%emt
00:00:44]} Kxd6 {[%clk 00:04:01]} {[%emt 00:00:25]} 42. Kf4 {[%clk 00:31:23]}
{[%emt 00:00:40]} f6 {[%clk 00:03:17]} {[%emt 00:01:15]} 43. g5 {[%clk
00:31:27]} {[%emt 00:00:25]} fxg5+ {[%clk 00:02:38]} {[%emt 00:01:09]} 44. Kxg5
{[%clk 00:31:46]} {[%emt 00:00:10]} Re6 {[%clk 00:02:49]} {[%emt 00:00:20]} 45.
h6 {[%clk 00:31:26]} {[%emt 00:00:48]} Rxe3 {[%clk 00:03:14]} {[%emt 00:00:07]}
46. h7 {[%clk 00:31:40]} {[%emt 00:00:16]} Re8 {[%clk 00:03:37]} {[%emt
00:00:07]} 47. h8=Q {[%clk 00:31:40]} {[%emt 00:00:29]} Rxh8 {[%clk 00:04:03]}
{[%emt 00:00:04]} 48. Rxh8 {[%clk 00:32:01]} {[%emt 00:00:09]} a5 {[%emt
00:00:57]} 49. Kf4 {[%clk 00:31:41]} {[%emt 00:00:02]} Kd5 {[%clk 00:04:34]}
{[%emt 00:00:21]} 50. Ke3 {[%clk 00:31:51]} {[%emt 00:00:21]} Kc4 {[%clk
00:04:17]} {[%emt 00:00:47]} 51. Kd2 {[%clk 00:32:09]} {[%emt 00:00:12]} Kb4
{[%clk 00:03:54]} {[%emt 00:00:54]} 52. Rh3 {[%clk 00:31:50]} {[%emt 00:00:48]}
a4 {[%clk 00:04:00]} {[%emt 00:00:24]} 53. Kc2 {[%clk 00:32:06]} {[%emt
00:00:14]} Kc4 {[%clk 00:03:55]} {[%emt 00:00:36]} 54. Rh4+ {[%clk 00:32:21]}
{[%emt 00:00:14]} Kc5 {[%clk 00:04:18]} {[%emt 00:00:07]} 55. Kc3 {[%clk
00:32:32]} {[%emt 00:00:17]} b4+ {[%clk 00:04:04]} {[%emt 00:00:46]} 56. Rxb4
{[%clk 00:32:51]} {[%emt 00:00:10]} a3 {[%clk 00:04:29]} {[%emt 00:00:07]} 57.
Rh4 {[%clk 00:33:04]} {[%emt 00:00:16]} Kd5 {[%clk 00:04:36]} {[%emt 00:00:23]}
58. Ra4 {[%clk 00:33:25]} {[%emt 00:00:09]} Ke5 {[%clk 00:04:50]} {[%emt
00:00:15]} 59. Kd3 {[%clk 00:33:46]} {[%emt 00:00:09]} Kf5 {[%clk 00:05:11]}
{[%emt 00:00:10]} 60. Ke3 {[%clk 00:34:09]} {[%emt 00:00:07]} Ke5 {[%clk
00:05:24]} {[%emt 00:00:18]} 61. Ra5+ {[%clk 00:34:07]} {[%emt 00:01:08]} Kd6
{[%clk 00:05:46]} {[%emt 00:00:08]} 62. Ke4 {[%clk 00:34:31]} {[%emt 00:00:07]}
Kc6 {[%clk 00:05:48]} {[%emt 00:00:28]} 63. Kd4 {[%clk 00:34:07]} {[%emt
00:00:53]} Kb6 {[%clk 00:06:08]} {[%emt 00:00:10]} 64. Rg5 {[%clk 00:34:23]}
{[%emt 00:00:12]} Kc6 {[%clk 00:05:45]} {[%emt 00:00:55]} 65. Rh5 {[%clk
00:34:33]} {[%emt 00:00:20]} Kb6 {[%clk 00:06:02]} {[%emt 00:00:13]} 66. Kc4
{[%clk 00:34:58]} {[%emt 00:00:05]} Kc6 {[%clk 00:06:26]} {[%emt 00:00:06]} 67.
Rh6+ {[%clk 00:35:23]} {[%emt 00:00:05]} Kd7 {[%clk 00:06:41]} {[%emt
00:00:14]} 68. Kd5 {[%clk 00:35:41]} {[%emt 00:00:12]} Ke7 {[%clk 00:07:02]}
{[%emt 00:00:09]} 69. Ra6 {[%clk 00:35:59]} {[%emt 00:00:12]} Kf7 {[%clk
00:07:19]} {[%emt 00:00:06]} 70. Ke5 {[%clk 00:36:29]} Kg7 {[%clk 00:07:47]}
{[%emt 00:00:10]} 71. Kf5 {[%clk 00:36:53]} {[%emt 00:00:06]} Kf7 {[%clk
00:07:56]} {[%emt 00:00:21]} 72. Ra7+ {[%clk 00:37:19]} {[%emt 00:00:04]} Ke8
{[%clk 00:08:16]} {[%emt 00:00:10]} 73. Ke6 {[%clk 00:36:12]} {[%emt 00:01:37]}
Kd8 {[%clk 00:08:27]} {[%emt 00:00:19]} 74. Rh7 {[%clk 00:36:33]} {[%emt
00:00:09]} Kc8 {[%clk 00:08:50]} {[%emt 00:00:07]} 75. Kd6 {[%clk 00:36:56]}
{[%emt 00:00:07]} Kb8 {[%clk 00:09:15]} {[%emt 00:00:05]} 76. Kc6 {[%clk
00:37:19]} {[%emt 00:00:07]} Ka8 {[%emt 00:00:10]} 77. Kb6 {[%clk 00:37:36]}
{[%emt 00:00:07]} Kb8 {[%clk 00:10:00]} {[%emt 00:00:11]} 78. Rh8# {[%clk
00:37:25]} {[%emt 00:00:08]} 1-0

[Event "DEM U10 2023"]
[Site "Willingen GER"]
[Date "2023.05.28"]
[Round "2"]
[White "Gruner, Cornelius"]
[Black "Sutharjan, Dakxwin"]
[Result "0-1"]
[Termination "normal"]
[Board "20"]
[WhiteElo "1279"]
[BlackElo "1438"]
[WhiteClock "00:43:28"]
[BlackClock "00:28:11"]
[PlyCount "148"]
[WhiteFideId "34616306"]
[BlackFideId "34606548"]
[EventCountry "GER"]
[EventRounds "11"]
[EventType "swiss"]
[EventDate "2023.05.27"]

1. d4 {[%clk 01:15:59]} {[%emt 00:00:01]} d5 {[%clk 01:15:53]} {[%emt
00:00:07]} 2. c4 {[%clk 01:16:24]} {[%emt 00:00:05]} e6 {[%clk 01:16:18]}
{[%emt 00:00:05]} 3. Nc3 {[%clk 01:16:45]} {[%emt 00:00:08]} c5 {[%clk
01:16:43]} {[%emt 00:00:05]} 4. dxc5 {[%clk 01:16:28]} {[%emt 00:00:48]} Nf6
{[%clk 01:13:14]} {[%emt 00:03:59]} 5. e3 {[%clk 01:14:33]} {[%emt 00:02:25]}
Bxc5 {[%clk 01:13:14]} {[%emt 00:00:31]} 6. Nf3 {[%clk 01:13:58]} {[%emt
00:01:04]} O-O {[%clk 01:13:06]} {[%emt 00:00:38]} 7. Be2 {[%clk 01:13:40]}
{[%emt 00:00:48]} dxc4 {[%clk 01:12:07]} {[%emt 00:01:29]} 8. Qxd8 {[%clk
01:13:13]} {[%emt 00:00:56]} Rxd8 {[%clk 01:12:30]} {[%emt 00:00:07]} 9. Bxc4
{[%clk 01:13:23]} {[%emt 00:00:21]} Nc6 {[%clk 01:11:44]} {[%emt 00:01:16]} 10.
O-O {[%clk 01:11:59]} {[%emt 00:01:54]} Bd7 {[%clk 01:07:53]} {[%emt 00:04:22]}
11. e4 {[%clk 01:11:47]} {[%emt 00:00:42]} Bb4 {[%clk 01:04:33]} {[%emt
00:03:50]} 12. e5 {[%clk 01:11:23]} {[%emt 00:00:54]} Bxc3 {[%clk 01:04:24]}
{[%emt 00:00:38]} 13. bxc3 {[%clk 01:11:33]} {[%emt 00:00:22]} Nd5 {[%clk
01:03:43]} {[%emt 00:01:10]} 14. Bd2 {[%clk 01:09:07]} {[%emt 00:02:56]} Nb6
{[%clk 01:03:04]} {[%emt 00:01:09]} 15. Bb3 {[%clk 01:08:08]} {[%emt 00:01:29]}
Na5 {[%clk 01:02:51]} {[%emt 00:00:42]} 16. Bc2 {[%emt 00:02:16]} Bb5 {[%clk
01:01:50]} {[%emt 00:00:02]} 17. Rfe1 {[%clk 01:06:40]} {[%emt 00:01:42]} Bd3
{[%clk 01:00:25]} {[%emt 00:01:55]} 18. Bxd3 {[%clk 01:05:02]} {[%emt
00:02:08]} Rxd3 {[%clk 01:00:38]} {[%emt 00:00:17]} 19. Rac1 {[%clk 01:03:44]}
{[%emt 00:01:48]} Rc8 {[%clk 00:59:09]} {[%emt 00:01:59]} 20. Re3 {[%clk
01:03:16]} {[%emt 00:00:58]} Rxe3 {[%clk 00:58:31]} {[%emt 00:01:08]} 21. Bxe3
{[%clk 01:03:22]} {[%emt 00:00:24]} h6 {[%clk 00:58:30]} {[%emt 00:00:31]} 22.
g3 {[%clk 01:03:04]} {[%emt 00:00:48]} Nac4 {[%clk 00:58:25]} {[%emt 00:00:35]}
23. Bd4 {[%clk 01:02:38]} {[%emt 00:00:54]} Na3 {[%clk 00:56:46]} {[%emt
00:02:10]} 24. Bxb6 {[%clk 01:00:46]} {[%emt 00:02:23]} axb6 {[%clk 00:57:05]}
{[%emt 00:00:12]} 25. Nd4 {[%clk 00:59:36]} {[%emt 00:01:39]} b5 {[%clk
00:55:28]} {[%emt 00:02:07]} 26. Ne2 {[%clk 00:59:21]} {[%emt 00:00:44]} Rc5
{[%clk 00:52:57]} {[%emt 00:03:01]} 27. f4 {[%clk 00:59:06]} {[%emt 00:00:45]}
Rd5 {[%clk 00:51:29]} {[%emt 00:01:59]} 28. Nd4 {[%clk 00:57:30]} {[%emt
00:02:05]} b4 {[%clk 00:49:38]} {[%emt 00:02:20]} 29. Nb3 {[%clk 00:56:36]}
{[%emt 00:01:25]} bxc3 {[%emt 00:01:28]} 30. Rxc3 {[%clk 00:55:52]} {[%emt
00:01:13]} b5 {[%clk 00:47:30]} {[%emt 00:01:40]} 31. Kg2 {[%clk 00:51:09]}
{[%emt 00:05:13]} Nc4 {[%clk 00:47:05]} {[%emt 00:00:55]} 32. Kh3 {[%clk
00:51:09]} {[%emt 00:00:31]} Rd1 {[%clk 00:46:17]} {[%emt 00:01:17]} 33. Nc5
{[%clk 00:46:34]} {[%emt 00:05:04]} Ra1 {[%clk 00:44:53]} {[%emt 00:01:55]} 34.
Rb3 {[%clk 00:46:20]} {[%emt 00:00:44]} Rxa2 {[%clk 00:45:01]} {[%emt
00:00:21]} 35. Rxb5 {[%clk 00:46:44]} {[%emt 00:00:07]} Ne3 {[%clk 00:43:34]}
{[%emt 00:01:57]} 36. Rb1 {[%clk 00:46:31]} {[%emt 00:00:44]} Nc4 {[%clk
00:42:56]} {[%emt 00:01:08]} 37. Rb8+ {[%clk 00:46:00]} {[%emt 00:01:00]} Kh7
{[%clk 00:43:03]} {[%emt 00:00:23]} 38. Rb7 {[%clk 00:45:34]} {[%emt 00:00:57]}
Kg6 {[%clk 00:42:23]} {[%emt 00:01:09]} 39. Nd7 {[%clk 00:44:13]} {[%emt
00:01:51]} Ra8 {[%clk 00:38:50]} {[%emt 00:04:02]} 40. g4 {[%clk 00:42:28]}
{[%emt 00:02:15]} h5 {[%clk 00:35:59]} {[%emt 00:03:21]} 41. Kh4 {[%clk
00:42:20]} {[%emt 00:00:38]} hxg4 {[%clk 00:35:38]} {[%emt 00:00:51]} 42. Kxg4
{[%clk 00:42:41]} {[%emt 00:00:09]} Ne3+ {[%clk 00:35:07]} {[%emt 00:01:02]}
43. Kf3 {[%clk 00:42:35]} {[%emt 00:00:37]} Nf5 {[%clk 00:34:53]} {[%emt
00:00:43]} 44. Kg4 {[%clk 00:42:14]} {[%emt 00:00:50]} Rh8 {[%clk 00:33:31]}
{[%emt 00:01:52]} 45. Rb2 {[%clk 00:41:37]} {[%emt 00:01:08]} Rh4+ {[%clk
00:29:57]} {[%emt 00:04:35]} 46. Kf3 {[%clk 00:42:19]} {[%emt 00:00:17]} Rh3+
{[%clk 00:28:41]} {[%emt 00:01:46]} 47. Kg4 {[%clk 00:42:23]} {[%emt 00:00:27]}
Rh8 {[%clk 00:28:43]} {[%emt 00:00:26]} 48. Kf3 {[%clk 00:41:39]} {[%emt
00:01:14]} Rd8 {[%clk 00:26:52]} {[%emt 00:02:21]} 49. Rg2+ {[%clk 00:41:27]}
{[%emt 00:00:42]} Kh6 {[%clk 00:26:39]} {[%emt 00:00:44]} 50. Rd2 {[%clk
00:41:27]} {[%emt 00:00:30]} Ne7 {[%clk 00:26:01]} {[%emt 00:01:08]} 51. Rd6
{[%clk 00:40:27]} {[%emt 00:01:30]} Nc8 {[%clk 00:25:36]} {[%emt 00:00:56]} 52.
Rd3 {[%clk 00:40:11]} {[%emt 00:00:45]} Nb6 {[%clk 00:24:54]} {[%emt 00:01:03]}
53. Nc5 {[%clk 00:39:52]} {[%emt 00:00:58]} Rxd3+ {[%clk 00:25:11]} {[%emt
00:00:13]} 54. Nxd3 {[%clk 00:40:10]} {[%emt 00:00:12]} Nc4 {[%clk 00:25:11]}
{[%emt 00:00:30]} 55. Kg3 {[%clk 00:40:15]} {[%emt 00:00:24]} Ne3 {[%clk
00:25:01]} {[%emt 00:00:41]} 56. h4 {[%clk 00:39:47]} {[%emt 00:00:58]} Kh5
{[%clk 00:25:01]} {[%emt 00:00:30]} 57. Kh3 {[%clk 00:39:58]} {[%emt 00:00:20]}
Nf5 {[%clk 00:25:05]} {[%emt 00:00:23]} 58. Nf2 {[%clk 00:39:44]} {[%emt
00:00:45]} Nxh4 {[%clk 00:24:50]} {[%emt 00:00:45]} 59. Ng4 {[%clk 00:39:53]}
{[%emt 00:00:21]} Nf5 {[%clk 00:24:15]} {[%emt 00:01:05]} 60. Nh2 {[%clk
00:39:46]} {[%emt 00:00:37]} Nd4 {[%clk 00:23:28]} {[%emt 00:01:17]} 61. Nf3
{[%clk 00:38:58]} {[%emt 00:01:18]} Nxf3 {[%clk 00:23:48]} {[%emt 00:00:10]}
62. Kg3 {[%clk 00:39:13]} {[%emt 00:00:16]} Nd4 {[%clk 00:24:10]} {[%emt
00:00:07]} 63. f5 {[%clk 00:39:35]} {[%emt 00:00:08]} Nxf5+ {[%clk 00:24:36]}
{[%emt 00:00:04]} 64. Kf4 {[%clk 00:40:00]} {[%emt 00:00:05]} g5+ {[%clk
00:25:00]} {[%emt 00:00:05]} 65. Kf3 {[%clk 00:40:19]} {[%emt 00:00:11]} g4+
{[%clk 00:25:24]} {[%emt 00:00:06]} 66. Kg2 {[%clk 00:40:45]} {[%emt 00:00:04]}
Kh4 {[%clk 00:25:50]} {[%emt 00:00:04]} 67. Kh2 {[%clk 00:41:07]} {[%emt
00:00:08]} Ne3 {[%clk 00:26:14]} {[%emt 00:00:06]} 68. Kg1 {[%clk 00:41:29]}
{[%emt 00:00:08]} Kg3 {[%clk 00:26:31]} {[%emt 00:00:12]} 69. Kh1 {[%clk
00:41:48]} {[%emt 00:00:11]} Kf2 {[%clk 00:26:53]} {[%emt 00:00:06]} 70. Kh2
{[%clk 00:42:10]} {[%emt 00:00:10]} g3 {[%clk 00:27:19]} {[%emt 00:00:04]} 71.
Kh3 {[%clk 00:42:30]} {[%emt 00:00:10]} g2 {[%clk 00:27:44]} {[%emt 00:00:05]}
72. Kh4 {[%clk 00:42:48]} {[%emt 00:00:11]} g1=Q {[%clk 00:28:08]} {[%emt
00:00:07]} 73. Kh5 {[%clk 00:43:09]} {[%emt 00:00:09]} Qg4+ {[%clk 00:28:15]}
{[%emt 00:00:23]} 74. Kh6 {[%clk 00:43:28]} {[%emt 00:00:11]} Qg6# {[%clk
00:28:11]} {[%emt 00:00:03]} 0-1